000
00298nam a22001217a 4500
008
180505b xxu||||| |||| 00| 0 eng d
041
_a
eng
080
_a
043.3
100
_a
0
101
_a
SHKI-BA
245
_a
Aplikimi, Sfidat dhe Perparesite e E-Banking ne Kosove
_c
Smakaj, V
942
_2
udc
_c
BK
999
_c
45691
_d
45691